000 00518nam a22001937a 4500
003 KOHA_MİRAKIL
005 20250929092632.0
008 250929b tu ||||| |||| 00| 0 tur d
020 _a975533257x
040 _aTR-AnABB
_btur
_cTR-AnABB
041 _atur
082 _a894.54133
_bSNE 1999
100 1 _aSnellman, Anja,
245 1 0 _aGüzprensi /
_cAnja Snellman
260 _aAnkara :
_bİmge Kitapevi,
_c1999
300 _a183 sayfa ;
_c20 cm
650 0 4 _aFin edebiyatı, roman
942 _2ddc
_cBK
999 _c8947
_d8947
900 _bGizem YORULMAZ